Estadísticas para Países más Visitados por Canadienses

Haz click aquí para tomar la prueba!

Estadísticas generales

  • Esta prueba ha sido tomada 598 veces
  • La puntuación promedio es 9 de 10

Estadísticas de respuestas

Miles País % Correcto
20,702Estados Unidos
100%
1,926México
99%
1,140Francia
97%
399España
96%
1,192Reino Unido
95%
469Italia
92%
574Alemania
88%
723China
83%
800Cuba
65%
487República Dominicana
47%

Distribución de puntuación

Porcentaje por número respondido

Porcentaje de gente con cada puntuación

Historial de tus puntuaciones

No has tomado esta prueba